Оптические и тепловые поля внутри светорассеивающих частиц

Detalles Bibliográficos
Autor Principal: Пришивалко А. П. Анатолий Петрович
Outros autores: Степанов Б. И. (редактор)
Idioma:ruso
Publicado: Минск, Наука и техника, 1983
Subjects:
Formato: MixedMaterials Libro
KOHA link:https://koha.lib.tpu.ru/cgi-bin/koha/opac-detail.pl?biblionumber=191661

MARC

LEADER 00000nam0a2200000 4500
001 191661
005 20231031180758.0
020 |a RU  |b 84-33900 
035 |a (RuTPU)RU\TPU\book\209005 
090 |a 191661 
100 |a 20110209d1983 k a0rusy5003 ca 
101 0 |a rus 
102 |a BY 
105 |a a z 001zy 
200 1 |a Оптические и тепловые поля внутри светорассеивающих частиц  |f А. П. Пришивалко  |g под ред. Б. И. Степанова 
210 |a Минск  |c Наука и техника  |d 1983 
215 |a 190 с.  |c ил.  |d 21 см 
610 1 |a аэрозоли 
610 1 |a оптические явления 
610 1 |a атмосфера 
610 1 |a сферические частицы 
610 1 |a излучения 
610 1 |a энергия 
610 1 |a распределение 
610 1 |a водная капля 
675 |a 535.36  |z rus 
700 1 |a Пришивалко  |b А. П.  |g Анатолий Петрович  |4 070 
702 1 |a Степанов  |b Б. И.  |4 340 
801 0 |a RU  |b RuMRKP  |c 19950704  |g psbo 
801 1 |a RU  |b 63413507  |c 20110209 
801 2 |a RU  |b 63413507  |c 20210208  |g RCR 
942 |c BK